The art of lease variation (Record no. 62015)
[ view plain ]
| 000 -LEADER | |
|---|---|
| fixed length control field | 00827cam a2200217 4500 |
| 001 - CONTROL NUMBER | |
| control field | ABS61714 |
| 008 - FIXED-LENGTH DATA ELEMENTS--GENERAL INFORMATION | |
| fixed length control field | 000000n1999 000 0 eng u |
| 035 ## - SYSTEM CONTROL NUMBER | |
| System control number | (Sirsi) u103183 |
| 100 ## - MAIN ENTRY--PERSONAL NAME | |
| Personal name | Vivian, J. |
| 245 #4 - TITLE STATEMENT | |
| Title | The art of lease variation |
| 260 ## - PUBLICATION, DISTRIBUTION, ETC. | |
| Date of publication, distribution, etc. | 1999 |
| 490 ## - SERIES STATEMENT | |
| Series statement | Property Week |
| Volume/sequential designation | 64(46) 26 November 1999, 46-47(2) |
| 520 ## - SUMMARY, ETC. | |
| Summary, etc. | Provides an overview of the Contracts (Rights of Third Parties) Bill which is due to be enforced at the end of 1999. It concentrates on the implications of lease variation. This article considers the bill from the point of view of the landlord and the tenant. |
| 590 ## - LOCAL NOTE (RLIN) | |
| Local note | ABS |
| 650 ## - SUBJECT ADDED ENTRY--TOPICAL TERM | |
| Topical term or geographic name entry element | CONTRACTS (RIGHTS OF THIRD PARTIES) BILL |
| 650 ## - SUBJECT ADDED ENTRY--TOPICAL TERM | |
| Topical term or geographic name entry element | LEASE VARIATIONS |
| 650 ## - SUBJECT ADDED ENTRY--TOPICAL TERM | |
| Topical term or geographic name entry element | SURRENDER OF LEASES |
| 690 ## - LOCAL SUBJECT ADDED ENTRY--TOPICAL TERM (OCLC, RLIN) | |
| Topical term or geographic name as entry element | LANDLORD AND TENANT-LEASES |
| 700 ## - ADDED ENTRY--PERSONAL NAME | |
| Personal name | White, G. |
| 942 ## - ADDED ENTRY ELEMENTS (KOHA) | |
| Suppress in OPAC | 0 |
| Withdrawn status | Lost status | Source of classification or shelving scheme | Damaged status | Not for loan | Home library | Current library | Shelving location | Date acquired | Total Checkouts | Full call number | Barcode | Date last seen | Copy number | Price effective from | Koha item type |
|---|---|---|---|---|---|---|---|---|---|---|---|---|---|---|---|
| Dewey Decimal Classification | London | London | Journal article | 16/12/1999 | ABS61714 | 103183-1001 | 06/08/2019 | 1 | 06/08/2019 | Journal article |